Ils sont nés un 2 août - Statistiques

Statistiques générales
  • Ce quiz a été pris 42 fois
  • Le résultat moyen est 4 sur 8
Statistiques - réponses
Réponse % Correct
Muriel Robin
68%
Alain Giresse
61%
Michèle Bernier
54%
Peter O'Toole
44%
Priscilla Betti
44%
Wes Craven
41%
Shimon Peres
37%
Edward Furlong
20%
Aucun quiz correspondant
Distribution des résultats
% des personnes avec chaque résultat
Percentile par nombre de réponses
Votre historique - résultats
Vous n’avez pas pris ce quiz